000 00741nam a2200181Ia 4500
008 100921s9999 xx 000 0 und d
082 _b21909
_a891.463 थ 78
100 _aलागू चिंतामणी.
245 _aकशासाठी पोटासाठी.
260 _bदीपज्योती प्रकाशन,पुणे.
_c1978
300 _a138
_bशिल्पा बुक सर्व्हिस,तळेगांव दाभाडे
365 _b15
520 _aललित-कादंबरी.
630 _aकशासाठी पोटासाठी.
650 _aललित-कादंबरी.
730 _aकशासाठी पोटासाठी.
942 _cBOOK
999 _c771022
_d771019